00559cam a22001694a 4500020002800000040000800028082002600036100002200062245006300084260003400147300003400181650002300215650002300238650001200261856006200273856005400335 a0072423706 (alk. paper) cDLC00a621 HIL 2001 A038 Or.1 aCathey, Jimmie J.10aElectric machines :banalysis and design applying Matlab / aBoston :bMcGraw-Hill,c2001. axiv, 530 p. :bill. ;c24 cm. 0aElectric machinery 0aElectric machinery 0aMATLAB.42uhttp://www.loc.gov/catdir/description/mh021/00051753.html41uhttp://www.loc.gov/catdir/toc/mh021/00051753.html